<?xml version="1.0" encoding="UTF-8"?>
<record
    xmlns:xsi="http://www.w3.org/2001/XMLSchema-instance"
    xsi:schemaLocation="http://www.loc.gov/MARC21/slim http://www.loc.gov/standards/marcxml/schema/MARC21slim.xsd"
    xmlns="http://www.loc.gov/MARC21/slim">

  <leader>01779nam a22002537a 4500</leader>
  <controlfield tag="005">20211026092713.0</controlfield>
  <controlfield tag="008">211026b           ||||| |||| 00| 0 eng d</controlfield>
  <datafield tag="020" ind1=" " ind2=" ">
    <subfield code="a">8129103907</subfield>
  </datafield>
  <datafield tag="040" ind1=" " ind2=" ">
    <subfield code="c">AL</subfield>
  </datafield>
  <datafield tag="041" ind1=" " ind2=" ">
    <subfield code="a">eng</subfield>
  </datafield>
  <datafield tag="082" ind1=" " ind2=" ">
    <subfield code="2">23</subfield>
    <subfield code="a">320.954</subfield>
    <subfield code="b">SUBJ</subfield>
  </datafield>
  <datafield tag="100" ind1=" " ind2=" ">
    <subfield code="a">T S R Subramanian</subfield>
    <subfield code="9">1746</subfield>
  </datafield>
  <datafield tag="245" ind1=" " ind2=" ">
    <subfield code="a">Journeys Through Bababudom amd Netaland: Governance in India</subfield>
  </datafield>
  <datafield tag="260" ind1=" " ind2=" ">
    <subfield code="a">New Delhi</subfield>
    <subfield code="b">Rupa &amp; Co</subfield>
    <subfield code="c">2004</subfield>
  </datafield>
  <datafield tag="300" ind1=" " ind2=" ">
    <subfield code="a">xiv,359 p.</subfield>
    <subfield code="b">HB</subfield>
    <subfield code="c">24x16 cm</subfield>
  </datafield>
  <datafield tag="365" ind1=" " ind2=" ">
    <subfield code="b">395.00</subfield>
    <subfield code="c">&#x20B9;</subfield>
    <subfield code="d">395.00</subfield>
  </datafield>
  <datafield tag="520" ind1=" " ind2=" ">
    <subfield code="a">Journeys Through Babudom and Netaland is an insightful reveal into the inside workings of the Indian judiciary and administrative system. Authored by T. S. R. Subramanian, an IAS officer and a former cabinet secretary, the book is a true account of a person who has been there, done that.
The Indian administrative is known to be fraught with corruption, famous more for the scams it perpetrates than the work that it does. However, much has been done to keep things under covers, with babus and netas maintaining a tight-lipped policy about what happens behind the scene. Subramanian provides a witty and hilarious account of the actual happenings. He tells us that almost all the netas he has met are dishonest and selfish, and babus are arrogant and rude, and inept at their work.
Journeys Through Babudom and Netaland talks about the author&#x2019;s personal experiences while at office. He talks about the evils in the political system in a slightly ironical tone, not adopting an all-out attacking approach.</subfield>
    <subfield code="u">https://vdocument.in/journey-through-babudom-and-netaland.html</subfield>
  </datafield>
  <datafield tag="650" ind1=" " ind2=" ">
    <subfield code="a">Political Science</subfield>
    <subfield code="9">1747</subfield>
  </datafield>
  <datafield tag="650" ind1=" " ind2=" ">
    <subfield code="a">Civil Service</subfield>
    <subfield code="9">1748</subfield>
  </datafield>
  <datafield tag="650" ind1=" " ind2=" ">
    <subfield code="a">Government Executives</subfield>
    <subfield code="9">1749</subfield>
  </datafield>
  <datafield tag="651" ind1=" " ind2=" ">
    <subfield code="a">India</subfield>
    <subfield code="9">1750</subfield>
  </datafield>
  <datafield tag="700" ind1=" " ind2=" ">
    <subfield code="a">T S R Subramanian</subfield>
    <subfield code="9">1746</subfield>
  </datafield>
  <datafield tag="942" ind1=" " ind2=" ">
    <subfield code="2">ddc</subfield>
    <subfield code="c">GF</subfield>
  </datafield>
  <datafield tag="999" ind1=" " ind2=" ">
    <subfield code="c">216687</subfield>
    <subfield code="d">216687</subfield>
  </datafield>
  <datafield tag="952" ind1=" " ind2=" ">
    <subfield code="0">0</subfield>
    <subfield code="1">0</subfield>
    <subfield code="2">ddc</subfield>
    <subfield code="4">0</subfield>
    <subfield code="7">0</subfield>
    <subfield code="8">PS</subfield>
    <subfield code="a">AL</subfield>
    <subfield code="b">AL</subfield>
    <subfield code="d">2013-03-23</subfield>
    <subfield code="l">0</subfield>
    <subfield code="o">320.954 SUBJ</subfield>
    <subfield code="p">GF01356</subfield>
    <subfield code="r">2021-10-26 00:00:00</subfield>
    <subfield code="u">https://vdocument.in/journey-through-babudom-and-netaland.html</subfield>
    <subfield code="w">2021-10-26</subfield>
    <subfield code="y">GF</subfield>
  </datafield>
</record>
